000 00783nas a2200265 4500
001 BR2011000484
003 BR-BrBNA
005 20231205114934.0
007 ta
008 230509b bl.|||p| |||| 00| 00por d
040 _aBR-BrBNA
_bpor
_cBiblioteca Nacional de Agricultura
041 _a(En)
072 _aQ02
100 1 _aLana, M.M.
100 1 _aSilva, J.B.C. da
100 1 _aVieira, J.V.
245 1 _aCenourete and Catetinho brazilian minicarrots
_bReview
650 _aCENOURA
650 _aPROCESSAMENTO MÍNIMO
650 _aRENDIMENTO
650 _aPOLIMENTO
773 0 _tBrazilian Journal of Food Technology (Brazil)
_xISSN 1519-0900
_g(Jul-Sep 2007), v. 10(3) p. 169-175
_wBR2011000484
909 _a202311
_bLúcia
_c55
_dLúcia Elande
942 _2AGRIS
_n0
_cANA
999 _c211324
_d211324